Статистика / (Record no. 144172)
[ view plain ]
| 000 -LEADER | |
|---|---|
| fixed length control field | 00869nam a2200253 u 4500 |
| 001 - CONTROL NUMBER | |
| control field | 000377158 |
| 003 - CONTROL NUMBER IDENTIFIER | |
| control field | AM-YeHGA |
| 005 - DATE AND TIME OF LATEST TRANSACTION | |
| control field | 20250617132039.0 |
| 008 - FIXED-LENGTH DATA ELEMENTS--GENERAL INFORMATION | |
| fixed length control field | 041103s1974 ||||||||||||||||||||rus d |
| 040 ## - CATALOGING SOURCE | |
| Original cataloging agency | AM-YeHGA |
| 041 1# - LANGUAGE CODE | |
| Language code of text/sound track or separate title | rus |
| Language code of original | ger |
| 090 ## - LOCALLY ASSIGNED LC-TYPE CALL NUMBER (OCLC); LOCAL CALL NUMBER (RLIN) | |
| -- | 145554 |
| 100 1# - MAIN ENTRY--PERSONAL NAME | |
| Personal name | Донда, Арно |
| 245 10 - TITLE STATEMENT | |
| Title | Статистика / |
| Statement of responsibility, etc. | А. Донда, Е. Герде, О. Кун, Р. Штрук ; пер. с нем. Р.Н. Котомина ; Ред. В.Е. Адамова. |
| 246 35 - VARYING FORM OF TITLE | |
| Title proper/short title | Statistic |
| 260 ## - PUBLICATION, DISTRIBUTION, ETC. | |
| Place of publication, distribution, etc. | Москва : |
| Name of publisher, distributor, etc. | Статистика, |
| Date of publication, distribution, etc. | 1974. |
| 300 ## - PHYSICAL DESCRIPTION | |
| Extent | 300 с. |
| 650 14 - SUBJECT ADDED ENTRY--TOPICAL TERM | |
| Topical term or geographic name entry element | Теория статистики. Статистические методы |
| 700 1# - ADDED ENTRY--PERSONAL NAME | |
| Personal name | Котомин, Р.Н. |
| Relator term | пер. |
| Relationship | trl |
| 700 1# - ADDED ENTRY--PERSONAL NAME | |
| Personal name | Адамов, В.Е. |
| Relator term | ред. |
| Relationship | edt |
| 700 1# - ADDED ENTRY--PERSONAL NAME | |
| Personal name | Герде, Е. |
| 700 1# - ADDED ENTRY--PERSONAL NAME | |
| Personal name | Кун, О. |
| 700 1# - ADDED ENTRY--PERSONAL NAME | |
| Personal name | Штрук, Р. |
| Withdrawn status | Lost status | Damaged status | Not for loan | Collection | Home library | Current library | Date acquired | Total checkouts | Full call number | Barcode | Date last seen | Price effective from | Koha item type | Public note |
|---|---|---|---|---|---|---|---|---|---|---|---|---|---|---|
| General | Fundamental Scientific Library | Fundamental Scientific Library | 22/12/2016 | PII/335140 | FL0269515 | 22/12/2016 | 22/12/2016 | Գրքեր / Books | 30 Days Loan | |||||
| General | Fundamental Scientific Library | Fundamental Scientific Library | 22/12/2016 | PII/342928 | FL0282653 | 22/12/2016 | 22/12/2016 | Գրքեր / Books | 30 Days Loan |
ՀՀ Գիտությունների ազգային ակադեմիայի հիմնարար գիտական գրադարան = Fundamental Scientific Library of NAS RA
All site content, except where otherwise noted, is licensed under a